Logo BPK

Biblioteka

Politechniki Koszalińskiej

Eighth International Congress International Association for Engineering Geology and the Environment : (Rekord nr 79599)

Szczegóły MARC
000 -ETYKIETA REKORDU
podpole kontrolne o stałej długości 01328nam a2200313 i 4500
001 - NUMER KONTROLNY REKORDU
pole kontrolne bg
003 - IDENTYFIKATOR NUMERU KONTROLNEGO REKORDU
podpole kontrolne BPK
005 - DATA OSTATNIEJ MODYFIKACJI REKORDU
podpole kontrolne 20131213134847.0
008 - POLE O STAŁEJ DŁUGOŚCI - DANE KONTROLNE
podpole kontrolne o stałej długości 130802s1998 ne a f 101 0 eng d
020 ## - MIĘDZYNARODOWY ZNORMALIZOWANY NUMER KSIĄŻKI - ISBN
ISBN 9054109947
040 ## - ŹRÓDŁO KATALOGOWANIA
Instytucja, która utworzyła rekord BPK
080 ## - UNIWERSALNA KLASYFIKACJA DZIESIĘTNA - UKD
UKD 624.131
080 ## - UNIWERSALNA KLASYFIKACJA DZIESIĘTNA - UKD
UKD (06)
111 2# - NAZWA IMPREZY
Nazwa imprezy International Congress International Association for Engineering Geology and the Environment
Data imprezy (8 ; 1998 ;
Miejsce imprezy Vancouver)
245 10 - TYTUŁ/ODPOWIEDZIALNOŚĆ
Tytuł Eighth International Congress International Association for Engineering Geology and the Environment :
Ciąg dalszy tytułu 21-25 September 1998, Vancouver, Canada : proceedings.
Oznaczenie części/sekcji dzieła Vol. 4.Theme 3,
Tytuł części/sekcji dzieła Engineering geology and the environment. Theme 4, Construction materials /
Pozostałe elementy strefy tytułu i oznaczenia odpowiedzialności ed. Dennis Moore, Oldrich Hungr.
246 31 - WARIANT TYTUŁU
Tytuł International Congress International Association for Engineering Geology and the Environment, 8
246 30 - WARIANT TYTUŁU
Tytuł Engineering geology and the environment
246 30 - WARIANT TYTUŁU
Tytuł Construction materials
260 ## - STREFA ADRESU WYDAWNICZEGO
Miejsce wydania Rotterdam ;
-- Brookfield :
Nazwa wydawcy/dystrybutora A.A. Balkema,
Data publikacji, dystrybucji/powstania dokumentu 1998.
300 ## - STREFA OPISU FIZYCZNEGO
Objętość S. XIII, [3], 2269-2978 :
Inne cechy fizyczne il. ;
Rozmiary 25 cm.
504 ## - UWAGA DOTYCZĄCA BIBLIOGRAFII
Informacje o bibliografii Bibliogr. przy ref. Indeks.
650 #0 - HASŁO PRZEDMIOTOWE W FORMIE NAZWY OGÓLNEJ LUB JEDNOSTKOWEJ
Nazwa ogólna lub geograficzna Engineering geology
650 #4 - HASŁO PRZEDMIOTOWE W FORMIE NAZWY OGÓLNEJ LUB JEDNOSTKOWEJ
Nazwa ogólna lub geograficzna Geologia inżynierska.
655 #4 - TERMIN INDEKSOWY - OKREŚLENIE RODZAJU/FORMY DOKUMENTU
Określenie rodzaju/formy dokumentu Materiały konferencyjne.
700 1# - HASŁO DODATKOWE - NAZWA OSOBOWA
Nazwa osobowa Moore, Dennis.
Określenie związku między hasłem a opisywanym materiałem Red.
700 1# - HASŁO DODATKOWE - NAZWA OSOBOWA
Nazwa osobowa Hungr, Oldrich.
Określenie związku między hasłem a opisywanym materiałem Red.
710 2# - HASŁO DODATKOWE - NAZWA CIAŁA ZBIOROWEGO
Nazwa ciała zbiorowego lub jednostki geograficznej A.A. Balkema (Rotterdam).
856 ## - LOKALIZACJA I DOSTĘP DO ELEKTRONICZNYCH DOKUMENTÓW ZDALNYCH
Link (URL) http://koha.tu.koszalin.pl/cgi-bin/koha/opac-detail.pl?biblionumber=79599
Tekst linku Katalog online BPK
942 ## - DODATKOWE ELEMENTY (KOHA)
Schemat klasyfikacji Universal Decimal Classification
Typ dokumentu Książka
Egzemplarze
Wycofany Status egzemplarza Uszkodzony Dostępność Lokalizacja stała Lokalizacja bieżąca Miejsce przechowywania Sygnatura Kod kreskowy Typ dokumentu
      Dostępny Biblioteka Politechniki Koszalińskiej Biblioteka Politechniki Koszalińskiej Wypożyczalnia BG 102662 02571430 Książka
© 2023 Biblioteka Politechniki Koszalińskiej :: KOHA